Weiter zum Inhalt

Мониторинг наземных биосистем учебное пособие для самостоятельной работы аспирантов направление 06.06.01 биологические науки профиль подготовки 03.02.08 экология

Учебное пособие по курсу "Мониторинг биосистем" разработано для аспирантов очного и заочного обучения направления подготовки 06.06.01 Биологические науки, профиль подготовки 03.02.08 Экология. Составлены на основании Государственного образовательного стандарта высшего профессионального обр...

Ausführliche Beschreibung

Gespeichert in:
Bibliographische Detailangaben
1. Verfasser: Гурин А. Г.
Weitere Verfasser: Резвякова С. В.
Format: Книга
Sprache:Russian
Veröffentlicht: Орел ОрелГАУ 2016
Online Zugang:https://e.lanbook.com/book/106953
https://e.lanbook.com/img/cover/book/106953.jpg
Tags: Tag hinzufügen
Keine Tags, Fügen Sie den ersten Tag hinzu!
LEADER 02278nam0a2200253 i 4500
001 106953
003 RuSpLAN
005 20221220174013.0
008 221220s2016 ru gs 000 0 rus
040 |a RuSpLAN 
041 0 |a rus 
044 |a ru 
080 |a 574(075.8) 
245 0 0 |a Мониторинг наземных биосистем  |b учебное пособие для самостоятельной работы аспирантов направление 06.06.01 биологические науки профиль подготовки 03.02.08 экология  |c Гурин А. Г.,Резвякова С. В. 
260 |a Орел  |b ОрелГАУ  |c 2016 
300 |a 100 с. 
504 |a Библиогр.: доступна в карточке книги, на сайте ЭБС Лань 
520 8 |a Учебное пособие по курсу "Мониторинг биосистем" разработано для аспирантов очного и заочного обучения направления подготовки 06.06.01 Биологические науки, профиль подготовки 03.02.08 Экология. Составлены на основании Государственного образовательного стандарта высшего профессионального образования. Учебное пособие рассчитано на обеспечение знаний, выработку и за-крепление умений, указанных в Государственном стандарте. Учебное пособие может быть использовано аспирантами, изучающими курс экстерном, преподавателями для разработки испытательных педагогических материалов по данному курсу или междисциплинарным курсам 
521 8 |a Книга из коллекции ОрелГАУ - Экология 
100 1 |a Гурин А. Г. 
700 1 |a Резвякова С. В. 
856 4 |u https://e.lanbook.com/book/106953 
856 4 8 |u https://e.lanbook.com/img/cover/book/106953.jpg 
953 |a https://e.lanbook.com/img/cover/book/106953.jpg 
Cannot write session to /tmp/vufind_sessions/sess_tp7uldece1a4pq9c3p6k4u9lbt